Chiến lược cạnh tranh theo lý thuyết Michael E. Porter
Giới thiệu chiến lược cạnh tranh trong kinh doanh: không thể đón đầu tương lai bằng các công cụ quá khứ. Kĩ thuật phân tích tổng quát trong kinh doanh. Môi trường kinh doanh tổng quát. Quyết định chiến lược trong hoạt động kinh doanh mới...
Na minha lista:
| Formato: | Livro |
|---|---|
| Idioma: | Undetermined |
| Publicado em: |
Thành phố Hồ Chí Minh
Tổng hợp Thành phố Hồ Chí Minh
2006
|
| Assuntos: | |
| Tags: |
Adicionar Tag
Sem tags, seja o primeiro a adicionar uma tag!
|
| Thư viện lưu trữ: | Trung tâm Học liệu Trường Đại học Cần Thơ |
|---|
| LEADER | 01004nam a2200193Ia 4500 | ||
|---|---|---|---|
| 001 | CTU_101325 | ||
| 008 | 210402s9999 xx 000 0 und d | ||
| 020 | |c 35000 | ||
| 082 | |a 658.405 | ||
| 082 | |b Ch305 | ||
| 245 | 0 | |a Chiến lược cạnh tranh theo lý thuyết Michael E. Porter | |
| 245 | 0 | |c Dương Ngọc Dũng biên soạn | |
| 260 | |a Thành phố Hồ Chí Minh | ||
| 260 | |b Tổng hợp Thành phố Hồ Chí Minh | ||
| 260 | |c 2006 | ||
| 520 | |a Giới thiệu chiến lược cạnh tranh trong kinh doanh: không thể đón đầu tương lai bằng các công cụ quá khứ. Kĩ thuật phân tích tổng quát trong kinh doanh. Môi trường kinh doanh tổng quát. Quyết định chiến lược trong hoạt động kinh doanh mới | ||
| 650 | |a Competition | ||
| 904 | |i Minh (sửa số pl 658.405/D513 thành 658.405/Ch305) | ||
| 980 | |a Trung tâm Học liệu Trường Đại học Cần Thơ | ||